LEADER 00757nam a2200205 i 4500 001 000000155401 003 CaOOAMICUS 005 20061108000000.0 008 061108s1979 it u000 u ita u 013 $a132753 040 $aSeMil$bita 245 13$aIl Metropolitan Museum di New York. 260 $aMilano :$bArnoldo Mondadori Editore,$c1979. 300 $a170 p. :$bill. ;$c29 cm. 490 0 $aMusei del mondo 830 0$aMusei del mondo.$0(OLS)http://semarc/title/14685 850 $aSeMil 852 $aSeMil$W1$xVenegono$y1$m5G XI 22$j107238$B107238$CSeMilBibl$Z2$F116620 $81 996 $6245$aIl Metropolitan Museum di New York$9(OLS)http://semarc/title/227571 996 $6260$aMilano :$bArnoldo Mondadori Editore$9(OLS)http://semarc/publisher/30056 LEADER 01214nam a2200265 i 4500 001 000000245822 003 CaOOAMICUS 005 20151019000000.0 008 151019s1953 it u000 u ita u 013 $a224727 040 $aSeMil$bita 100 1 $aSchuster, Alfredo Ildefonso,$c.$0(OLS)http://semarc/name/89146 245 10$aPensieri Mariani su le Litanie Lauretane /$cIldefonso Card. Schuster Arcivescovo di Milano. 260 $aMilano :$bPontificia Editrice Arcivescovile Daverio,$cstampa 1953. 260 $aMilano :$bEdizione S.T.E.M.,$cstampa 1953. 300 $a114 p. ;$c19 cm. 500 $aFondo card. Giovanni Colombo. 650 4$aLitanie - Maria - Commenti.$0(OLS)http://semarc/subject/29366 850 $aSeMil 852 $aSeMil$W1$xVenegono$y1$m3GC I 537$j196168$B196168$CSeMilBibl$Z2$F206985 $8B 941 1 $a3 961 $aLascito: Colombo Card. Giovanni 996 $6245$aPensieri Mariani su le Litanie Lauretane$9(OLS)http://semarc/title/267279 996 $6260$aMilano :$bEdizione S.T.E.M.$9(OLS)http://semarc/publisher/46184 996 $6260$aMilano :$bPontificia Editrice Arcivescovile Daverio$9(OLS)http://semarc/publisher/30040 LEADER 01087nam a2200253 i 4500 001 000000066636 003 CaOOAMICUS 005 20221011094509.0 008 990121s1953 sz u000 u eng u 013 $a37808 040 $aSeMil$bita 100 1 $aDorenkemper, Mark,$c.$0(OLS)http://semarc/name/33429 245 14$aThe Trinitarian doctrine and sources of St. Caesarius of Arles /$cMark Dorenkemper. 264 1$aFreiburg (Schweiz) :$bUniversitätsverlag,$c1953. 300 $aIX, 234 p. ;$c24 cm 490 1 $aParadosis ;$v9 600 04$aCesario : di Arles .$0(OLS)http://semarc/subject/11084 650 4$aTrinità.$0(OLS)http://semarc/subject/940 830 0$aParadosis ;$v9.$0(OLS)http://semarc/title/420187 850 $aSeMil 852 $aSeMil$W1$xVenegono$y1$m2N IV 209$j32789$B32789$CSeMilBibl$Z2$F32792 $81 996 $6245$aThe Trinitarian doctrine and sources of St. Caesarius of Arles$9(OLS)http://semarc/title/105999 996 $6264$aFreiburg (Schweiz) :$bUniversitätsverlag$9(OLS)http://semarc/publisher/29720 LEADER 01423nam a2200313 i 4500 001 000000124427 003 CaOOAMICUS 005 20250909102825.0 008 040323s2003 it u000 u ita u 013 $a97124 020 $a88-350-1576-6 040 $aSeMil$bita 110 0 $aConferenza Episcopale Italiana : Centro studi della scuola cattolica .$0(OLS)http://semarc/name/38298 245 10$aGenitori oltre la partecipazione :$bScuola cattolica in Italia, quinto rapporto /$cCSSC, Centro studi per la scuola cattolica. 260 $aBrescia :$bLa Scuola,$c2003. 300 $a351 p. :$btabelle ;$c22 cm. 490 0 $aScuola d'oggi 500 $aDono del Card. Dionigi Tettamanzi. 650 4$aScuola cattolica - Italia - Rapporti informativi.$0(OLS)http://semarc/subject/14809 650 4$aScuola cattolica - Genitori - Educazione.$0(OLS)http://semarc/subject/23988 830 0$aScuola d'oggi.$0(OLS)http://semarc/title/11110 850 $aSeMil 852 $aSeMil$W1$xVenegono$y1$m2Q III 20$j79011$B79011$CSeMilBibl$Z2$F81448 $81 941 1 $a5 961 $aOmaggio: Tettamanzi Card. Dionigi 996 $6020$a88-350-1576-6$9(OLS)http://semarc/number/110216 996 $6245$aGenitori oltre la partecipazione :$bScuola cattolica in Italia, quinto rapporto$9(OLS)http://semarc/title/183122 996 $6260$aBrescia :$bLa Scuola$9(OLS)http://semarc/publisher/29831 LEADER 00566nam a2200181 i 4500 001 000000173238 003 CaOOAMICUS 005 20220503115749.0 008 080710n it u000 u fre u 013 $a150690 040 $aSeMil$bita 245 10$aTome deuxième. 300 $a384 p., [1] p. di tav. 773 0 $aHugo, Victor <1802-1885>$tNotre-Dame de Paris.$w()19795 850 $aSeMil 852 $aSeMil$W1$xVenegono$y1$m1W IV 125$j124085$B124085$CSeMilBibl$Z2$F135190 $81 996 $6245$aTome deuxième$9(OLS)http://semarc/title/14440 LEADER 00774nam a2200205 i 4500 001 000000212453 003 CaOOAMICUS 005 20120412000000.0 008 120412s1950 it u000 u ita u 013 $a191288 040 $aSeMil$bita 245 12$aI Sacramenti. 300 $a653 p. 500 $aContiene : Appendice. 650 4$aSacramenti - Catechesi.$0(OLS)http://semarc/subject/3571 773 0 $aCastegnaro, Bortolo$tCatechismo agli adulti.$bnona edizione nuovamente riveduta ed aggiornata.$dVicenza : S. A. Giovanni Galla, stampa 1949-stampa 1950.$gVolume2$w()26591 850 $aSeMil 852 $aSeMil$W1$xVenegono$y1$m2D I 2$j162887$B162887$CSeMilBibl$Z2$F174021 $81 961 $aOmaggio: Deposito 996 $6245$aI Sacramenti$9(OLS)http://semarc/title/12760